000 00294nam a22001337a 4500
008 181205b xxu||||| |||| 00| 0 eng d
020 _a9780586056042
041 _aeng
080 _a721
100 _a41
101 _aNDE
245 _aGreat Houses of Britain
_cNicolson,N
942 _2udc
_cBK
999 _c52856
_d52856